000 00283nam a22001337a 4500
008 170406b xxu||||| |||| 00| 0 eng d
020 _a9780815341468
041 _aeng
080 _a575
100 _a9
101 _aSHM
245 _aTHE IMMUNE SYSTEM
_cPARHAM, P
942 _2udc
_cBK
999 _c9967
_d9967